Normal view
MARC view
- Second language acquisition
Entry Topical Term
001 - CONTROL NUMBER
- control field: 17539
003 - CONTROL NUMBER IDENTIFIER
- control field: OSt
005 - DATE AND TIME OF LATEST TRANSACTION
- control field: 20161116114245.0
008 - FIXED-LENGTH DATA ELEMENTS
- fixed length control field: 161116|| aca||babn | a|a d
040 ## - CATALOGING SOURCE
- Original cataloging agency: OSt
150 ## - HEADING--TOPICAL TERM
- Topical term or geographic name entry element: Second language acquisition
- General subdivision: Study and teaching.
